Cultural development of mathematical ideas : (Record no. 697)
[ view plain ]
| 000 -LEADER | |
|---|---|
| fixed length control field | 03654nam a22003977a 4500 |
| 001 - CONTROL NUMBER | |
| control field | 16948949 |
| 005 - DATE AND TIME OF LATEST TRANSACTION | |
| control field | 20231101133132.0 |
| 008 - FIXED-LENGTH DATA ELEMENTS--GENERAL INFORMATION | |
| fixed length control field | 231101b |||||||| |||| 00| 0 eng d |
| 010 ## - LIBRARY OF CONGRESS CONTROL NUMBER | |
| LC control number | 2011037488 |
| 016 7# - NATIONAL BIBLIOGRAPHIC AGENCY CONTROL NUMBER | |
| Record control number | 016030458 |
| Source | Uk |
| 020 ## - INTERNATIONAL STANDARD BOOK NUMBER | |
| International Standard Book Number | 9780521761666 (hardback) |
| 020 ## - INTERNATIONAL STANDARD BOOK NUMBER | |
| International Standard Book Number | 0521761662 (hardback) |
| 035 ## - SYSTEM CONTROL NUMBER | |
| System control number | (OCoLC)ocn757717672 |
| 040 ## - CATALOGING SOURCE | |
| Original cataloging agency | DLC |
| Language of cataloging | eng |
| Transcribing agency | KMU |
| Modifying agency | KMU |
| Description conventions | rda |
| 042 ## - AUTHENTICATION CODE | |
| Authentication code | pcc |
| 043 ## - GEOGRAPHIC AREA CODE | |
| Geographic area code | a-pp--- |
| 050 00 - LIBRARY OF CONGRESS CALL NUMBER | |
| Classification number | BF 311 Sax |
| 100 1# - MAIN ENTRY--PERSONAL NAME | |
| Personal name | Saxe, Geoffrey B. |
| 245 10 - TITLE STATEMENT | |
| Title | Cultural development of mathematical ideas : |
| Remainder of title | Papua New Guinea studies / |
| Statement of responsibility, etc. | Geoffrey B. Saxe ; with Indigo Esmonde. |
| 260 ## - PUBLICATION, DISTRIBUTION, ETC. | |
| Place of publication, distribution, etc. | New York : |
| Name of publisher, distributor, etc. | Cambridge University Press, |
| Date of publication, distribution, etc. | 2012. |
| 300 ## - PHYSICAL DESCRIPTION | |
| Extent | xxxiii, 362 p. : |
| Other physical details | ill., maps ; |
| Dimensions | 24 cm. |
| 490 1# - SERIES STATEMENT | |
| Series statement | Learning in doing : social, cognitive and computational perspectives |
| 504 ## - BIBLIOGRAPHY, ETC. NOTE | |
| Bibliography, etc. note | Includes bibliographical references and index. |
| 505 8# - FORMATTED CONTENTS NOTE | |
| Formatted contents note | Machine generated contents note: Introduction; Part I. The Origins of Number-Enduring Questions: 1. Culture-cognition relations; 2. Cultural forms of number representation used in Oksapmin communities; Part II. Economic Exchange: 3. Collective practices of economic exchange: a brief social history; 4. Reproduction and alteration of numerical representations; 5. Reproduction and alteration in currency token representations; 6. Representational forms, functions, collective practices, and fu: a microcosm; Part III. Schooling: 7. A brief history: collective practices of schooling in Oksapmin; 8. Unschooled children's developing uses of the body system; 9. Children's adaptations of the body system in school in 1980: an unintended consequence of post-colonial schooling; 10. About twenty years later: schooling and number; 11. Teachers and students as (unintentional) agents of change; Part IV. Towards an Integrated Treatment of Socio-Historical and Cognitive Developmental Processes: 12. What develops? A focus on form-function relations; 13. How do quantification practices develop?; 14. Why do form-function relations shift?; Epilogue. |
| 520 ## - SUMMARY, ETC. | |
| Summary, etc. | "The book presents a general framework for the analysis of culture-cognition relations that makes use of field studies with a remote Papua New Guinea culture group, the Oksapmin, as an illustrative case"-- |
| Assigning source | Provided by publisher. |
| 520 ## - SUMMARY, ETC. | |
| Summary, etc. | "Drawing upon field studies conducted in 1978, 1980, and 2001 with a remote Papua New Guinea group, the Oksapmin, Geoffrey Saxe traces the emergence of new forms of numerical representations and ideas in the social history of the community. In traditional life, the Oksapmin used a 27-body-part counting system, and there is no evidence that Oksapmin used arithmetic in prehistory. With shifting practices of economic exchange and schooling, children and adults unwittingly reproduce and alter the system as they solve new kinds of numerical and arithmetical problems, a process that leads to new forms of collective representations in the community. While Saxe,Ŵs focus is on the Oksapmin, the insights and general framework he provides are useful for understanding shifting representational forms and emerging cognitive functions in any human community"-- |
| Assigning source | Provided by publisher. |
| 650 #0 - SUBJECT ADDED ENTRY--TOPICAL TERM | |
| Topical term or geographic name entry element | Cognition and culture |
| Geographic subdivision | Papua New Guinea. |
| 650 #0 - SUBJECT ADDED ENTRY--TOPICAL TERM | |
| Topical term or geographic name entry element | Number concept |
| Form subdivision | Case studies. |
| 650 #0 - SUBJECT ADDED ENTRY--TOPICAL TERM | |
| Topical term or geographic name entry element | Constructivism (Education) |
| 650 #0 - SUBJECT ADDED ENTRY--TOPICAL TERM | |
| Topical term or geographic name entry element | Social change |
| Geographic subdivision | Papua New Guinea. |
| 700 1# - ADDED ENTRY--PERSONAL NAME | |
| Personal name | Esmonde, Indigo. |
| 830 #0 - SERIES ADDED ENTRY--UNIFORM TITLE | |
| Uniform title | Learning in doing. |
| 906 ## - LOCAL DATA ELEMENT F, LDF (RLIN) | |
| a | 7 |
| b | cbc |
| c | orignew |
| d | 1 |
| e | ecip |
| f | 20 |
| g | y-gencatlg |
| 942 ## - ADDED ENTRY ELEMENTS (KOHA) | |
| Source of classification or shelving scheme | Library of Congress Classification |
| Koha item type | Non-Fiction |
| Suppress in OPAC | No |
| Withdrawn status | Lost status | Source of classification or shelving scheme | Damaged status | Not for loan | Collection | Home library | Current library | Shelving location | Date acquired | Source of acquisition | Total Checkouts | Full call number | Barcode | Date last seen | Price effective from | Koha item type |
|---|---|---|---|---|---|---|---|---|---|---|---|---|---|---|---|---|
| Library of Congress Classification | Non-fiction | Kapasa Makasa University | Kapasa Makasa University | Open Access | 01.11.2023 | Zambia Library Service | BF 311 Sax | 300612 | 01.11.2023 | 01.11.2023 | Non-Fiction |